| 000 | 00868nam a2200205Ia 4500 | ||
|---|---|---|---|
| 008 | 0000002003 sp a 0000000000spa00 | ||
| 090 | _aPUS00 K67r | ||
| 100 | 1 | _aKorotkin, Joyce | |
| 245 | 1 | 0 |
_aRobert Longo _b: Lust of the eye _c/ texto Joyce Korotkin ; traducción Enrique Zaldua ; fotografías John Lamka |
| 300 |
_a53 p. _c/ 27 cm. |
||
| 500 | _aExposición realizada en la Galería Soledad Lorenzo, Madrid, mayo 13 Junio 21, 2003 \ Con el patronazgo del maestro venezolano Jesús Rafael Soto (q.e.p.d.) | ||
| 600 | 0 | 0 |
_a LONGO, ROBERT, 1953/ _xTRABAJOS PICTORICOS |
| 650 | 1 | 4 | _a PINTURA ESTADOUNIDENSE |
| 650 | 1 | 4 | _aARTE CONTEMPORANEO ESTADOUNIDENSE |
| 650 | 1 | 4 | _xCATALOGOS |
| 650 | 1 | 4 | _xEXPOSICIONES |
| 650 | 1 | 4 | _aPINTORES ESTADOUNIDENSES |
| 700 | 1 | _aZaldua, Enrique \ Lamka, John | |
| 999 |
_c757 _d757 |
||
| 260 |
_aMadrid : Galería Soledad Lorenzo _c2003 |
||